THERMODYNAMICS AN ENGG. APPROCACH (Record no. 612351)

MARC details
000 -LEADER
fixed length control field 00372pam a2200157a 44500
008 - FIXED-LENGTH DATA ELEMENTS--GENERAL INFORMATION
fixed length control field 230515b2016 xxu||||| |||| 00| 0 eng d
020 ## - INTERNATIONAL STANDARD BOOK NUMBER
International Standard Book Number 9789339221652
041 ## - LANGUAGE CODE
Language code of text/sound track or separate title ENGLISH
082 ## - DEWEY DECIMAL CLASSIFICATION NUMBER
Classification number 621.3/CEN
100 ## - MAIN ENTRY--PERSONAL NAME
Personal name CENGEL,BOLES
245 ## - TITLE STATEMENT
Title THERMODYNAMICS AN ENGG. APPROCACH
250 ## - EDITION STATEMENT
Edition statement 0
260 ## - PUBLICATION, DISTRIBUTION, ETC.
Place of publication, distribution, etc. DELHI
Name of publisher, distributor, etc. MACGRAW HILL
Date of publication, distribution, etc. 2016
300 ## - PHYSICAL DESCRIPTION
Extent 954
650 ## - SUBJECT ADDED ENTRY--TOPICAL TERM
Topical term or geographic name entry element NULL
Holdings
Withdrawn status Lost status Damaged status Not for loan Home library Current library Shelving location Date acquired Source of acquisition Cost, normal purchase price Total Checkouts Full call number Barcode Date last seen Date last checked out Price effective from Koha item type
        College of Engineering, Navi Mumbai College of Engineering, Navi Mumbai   30/10/2017 BHARATI MADHYAVARTI SAHAKARI GRAHAK BHANDAR LTD. 775.00 1 621.3/CEN ECM-E-38457 19/08/2024 15/07/2024 28/06/2023 Book